Die Länder mit der höchsten Lebenserwartung - Statistiken

Allgemein
  • Dieses Quiz wurde 301 mal gespielt
  • Das Durchschnittsergebnis liegt bei 6 aus 10
Antwortstatistiken
Lebenserwartung Land % Korrekt
84,1 Japan
94%
81,7 Kanada
75%
82,3 Schweiz
75%
83,2 Australien
70%
82,8 Italien
66%
82,0 Frankreich
65%
81,9 Island
63%
82,1 Singapur
43%
82,5 San Marino
37%
83,6 Andorra
35%
Keine übereinstimmenden Quizze gefunden
Verteilung der Resultate
Anzahl Personen mit jedem Resultat
Perzentil nach korrekt beantworteten Fragen
Ihre Resultats-Entwicklung
Sie haben dieses Quiz noch nicht gespielt